000 00376pab a2200145 454500
008 180718b2001 xxu||||| |||| 00| 0 eng d
100 _aVaswani, Thrity G.
245 _aFamily care of the elderly: abuse, neglect and abandonment
260 _c2001
300 _ap.492-505
362 _aJul
650 _aElderly
773 _aIndian Journal of Social Work
909 _a50351
999 _c50351
_d50351